AU LIBRARIES
Centralized Library System Across Seven Campuses

Beyond Manila Philippine Rural Problems in Perspective (Record no. 47255)

MARC details
000 -LEADER
fixed length control field 00466nam a22001577a 4500
005 - DATE AND TIME OF LATEST TRANSACTION
control field 20260408121611.0
008 - FIXED-LENGTH DATA ELEMENTS--GENERAL INFORMATION
fixed length control field 260408b |||||||| |||| 00| 0 eng d
020 ## - INTERNATIONAL STANDARD BOOK NUMBER
ISBN 0-88936-191-6
082 ## - DEWEY DECIMAL CLASSIFICATION NUMBER
Classification number 338.16
Author Mark CAS-B
100 ## - MAIN ENTRY--AUTHOR
Author Name Castillo,G.T
245 ## - TITLE STATEMENT
Title Beyond Manila Philippine Rural Problems in Perspective
260 ## - PUBLICATION, DISTRIBUTION, ETC.
Place of Publication Ottawa Canada
Name of publisher, distributor, etc. International Development Research Center
Date of publication, distribution, etc. 1980
500 ## - GENERAL NOTE
General note Gifted by Dr.Salman Hassan
650 ## - SUBJECT ADDED ENTRY--TOPICAL TERM
Subject / Department Economic
942 ## - ADDED ENTRY ELEMENTS (KOHA)
Koha item type Book
Holdings
Withdrawn status Lost status Damaged status Not for loan Collection code Permanent Location Current Location Shelving Location Date acquired Total Checkouts Full Call Number Accession No./Barcode Date last seen Koha item type
        Economics Air University H-11 Campus Islamabad Air University H-11 Campus Islamabad Economics 04/08/2026   338.16 CAS-B AUHEG0003 04/08/2026 Book
Air University Sector E-9, Islamabad Pakistan
Email: librarian@au.edu.pk  Tel : +0092 51 9262612 Ext: 631